Countries that border any country starting with "H" - Statistics

General Stats
  • This quiz has been taken 25 times
  • The average score is 11 of 12
Answer Stats
Answer % Correct
Guatemala
100%
Dominican Republic
95%
El Salvador
95%
Romania
95%
Slovakia
95%
Croatia
90%
Nicaragua
90%
Serbia
90%
Slovenia
90%
Austria
86%
Belize
86%
Ukraine
67%
No matching quizzes found
Score Distribution
Percent of People with Each Score
Percentile by Number Answered
Your Score History
You have not taken this quiz